Ngữ văn nâng cao 10 T.2

Guardat en:
Dades bibliogràfiques
Autor principal: Trần, Đình Sử
Altres autors: Nguyễn, Đăng Mạnh
Format: Llibre
Idioma:Undetermined
Publicat: H. Giáo dục 2008
Matèries:
Accés en línia:http://lrc.tdmu.edu.vn/opac/search/detail.asp?aID=2&ID=6499
Etiquetes: Afegir etiqueta
Sense etiquetes, Sigues el primer a etiquetar aquest registre!
Thư viện lưu trữ: Trung tâm Học liệu Trường Đại học Thủ Dầu Một
LEADER 00643nam a2200217Ia 4500
001 TDMU_6499
008 210410s9999 xx 000 0 und d
082 |a 807.071 
090 |b TR121 
100 |a Trần, Đình Sử 
245 0 |a Ngữ văn nâng cao 10 
245 0 |c Trần Đình Sử 
245 0 |n T.2 
260 |a H. 
260 |b Giáo dục 
260 |c 2008 
300 |a 215tr. 
650 |a Sách lớp 10; Ngữ văn 
700 |a Nguyễn, Đăng Mạnh 
856 |u http://lrc.tdmu.edu.vn/opac/search/detail.asp?aID=2&ID=6499 
980 |a Trung tâm Học liệu Trường Đại học Thủ Dầu Một